| 000 | 00722nam a2200253 a 4500 | ||
|---|---|---|---|
| 001 | 61495 | ||
| 003 | BD-RjUL | ||
| 005 | 20211209080954.0 | ||
| 008 | 170118s1950 enka 001 0 eng d | ||
| 035 | _a(BD-RjUL)61619 | ||
| 040 |
_aNUN:S _beng _cNUN:S _dBD-RjUL |
||
| 041 | _aeng | ||
| 082 |
_223 _a657.2 _bSPB 1950 |
||
| 100 | 1 |
_aSpicer, Ernest Evan _9183283 |
|
| 245 | 1 | 0 |
_aBook-keeping and accounts / _cErnest Evan Spicer and Ernest C. Pegler |
| 250 | _a12th ed. | ||
| 260 |
_aLondon : _bH.F.L., _c1950. |
||
| 300 |
_axvi, 695 p. : _bili ; _c25 cm. |
||
| 500 | _aIncludes index. | ||
| 650 |
_aAccounting. _9175106 |
||
| 650 |
_aBookkeeping. _9182506 |
||
| 700 |
_aPegler, Ernest C. _9183284 |
||
| 942 |
_2ddc _cBK |
||
| 999 |
_c61495 _d61495 |
||